000 00467nam a22001697a 4500
005 20170406112754.0
008 170406b xxu||||| |||| 00| 0 eng d
040 _cPK-LaUMT
082 _a891.4393
_bSHE-H
100 _aشیخ سعدی
245 _aحکایات سعدی/
_cشیخ سعدی
260 _aلاہور:
_bشاھین سنز پبلیشرز،
_c2010
300 _a336 ص
546 _aاردو
700 _aاین ایس لون(ترتیب
942 _cBK
999 _c92367
_d92367